00422nam a2200157Ia 4500001000500000005001700005008004100022041000800063082001700071100004800088245007500136260000900211300002800220650000800248654000800256866120260306160626.0260306t2004||||xx |||||||||||||| ||spa|| aESP a371.26bI413 aLafrancesco Villegas, Giovanni MarceloeAUT 0aLa evaluación integral y del aprendizaje:bFundamentos y estrategias c2004 a164 páginas :c24 cm. aGEN aCED